Statistics for Madden Cover Athletes

Click here to take the quiz!

General Stats

  • This quiz has been taken 117 times
  • The average score is 17 of 22

Answer Stats

MaddenTeamPositionPlayer% Correct
Madden 20Kansas City ChiefsQBPatrick Mahomes
100%
Madden 18New England PatriotsQBTom Brady
100%
Madden 21Baltimore RavensQBLamar Jackson
99%
Madden 16New York GiantsWROdell Beckham Jr
99%
Madden 17New England PatriotsTERob Gronkowski
99%
Madden 19Pittsburgh SteelersWRAntonio Brown
98%
Madden 13Detroit LionsWRCalvin Johnson
97%
Madden 11New Orleans SaintsQBDrew Brees
97%
Madden 15Seattle SeahawksCBRichard Sherman
96%
Madden 25Minnesota VikingsHBAdrian Peterson
94%
Madden 09Green Bay PackersQBBrett Favre
88%
Madden 2004Atlanta FalconsQBMichael Vick
79%
Madden 2000Detroit LionsHBBarry Sanders
78%
Madden 2005Baltimore RavensLBRay Lewis
72%
Madden 06Philadelphia EaglesQBDonovan McNabb
60%
Madden 12Cleveland BrownsHBPeyton Hillis
58%
Madden 2002Minnesota VikingsQBDaunte Culpepper
53%
Madden 07Seattle SeahawksHBShaun Alexander
50%
Madden 08Tennessee TitansQBVince Young
50%
Madden 2003St Louis RamsHBMarshall Faulk
47%
Madden 2001Tennessee TitansHBEddie George
42%
Madden 10Pittsburgh Steelers & Arizona CardinalsWR & SSTroy Polamalu & Larry Fitzgerald
10%

Score Distribution

Percentile by Number Answered

Percent of People with Each Score

Your Score History

You have not taken this quiz